[Event "Paulista-ch (Women)"]
[Site "Sao Paulo"]
[Date "2023.09.03"]
[Round "5"]
[White "Bonfim, Regina Rodrigues"]
[Black "Nunes, Agatha Hurba"]
[Result "1-0"]
[WhiteElo "1684"]
[BlackElo "1845"]
[PlyCount "131"]
[EventDate "2023.09.01"]
[EventType "swiss"]
[EventRounds "6"]
[EventCountry "BRA"]
[SourceTitle "EXT 2024"]
[Source "ChessBase"]
[SourceDate "2023.10.10"]
[SourceVersion "1"]
[SourceVersionDate "2023.10.10"]
[SourceQuality "1"]

1. Nf3 d5 2. d4 Nf6 3. c4 e6 4. Bg5 Be7 5. Nc3 0-0 6. e3 Re8 7. Bd3 dxc4 8. Bxc4 h6 9. Bh4 Nbd7 10. 0-0 Nb6 11. Bd3 Nbd5 12. Bg3 b6 13. e4 Nxc3 14. bxc3 Bb7 15. Re1 c5 16. Rc1 Nh5 17. Bb1 Nxg3 18. hxg3 cxd4 19. cxd4 Bb4 20. Re3 Ba6 21. a3 Ba5 22. Ne5 Bb7 23. Rf3 Re7 24. Re3 Rc8 25. Rxc8 Qxc8 26. Kh2 Rc7 27. Qf3 Qe8 28. d5 Rc5 29. Nd3 Rb5 30. Ba2 Bd2 31. Re2 Bg5 32. dxe6 fxe6 33. Qg4 Bc8 34. Rc2 Kh7 35. f4 h5 36. Qe2 Bh6 37. Ne5 Rc5 38. Rxc5 bxc5 39. Qc4 Qf8 40. Nd3 h4 41. Bb1 hxg3+ 42. Kxg3 e5 43. f5 Qe7 44. Ba2 Qg5+ 45. Kf2 Qd8 46. Ke2 Bb7 47. a4 Qc8 48. Qf7 Ba6 49. Bc4 Bxc4 50. Qxc4 Qe8 51. g4 Qb8 52. Qc2 c4 53. Qxc4 Qb1 54. Nf2 Qb2+ 55. Kf1 Qa3 56. Kg2 Bf4 57. Qd3 Qxa4 58. Qh3+ Kg8 59. Qh4 Qd7 60. g5 a5 61. g6 Bh6 62. Qg3 Qd8 63. Qb3+ Kh8 64. Nd3 Qg5+ 65. Kf1 Qd8 66. Nxe5 1-0

[Event "BRA-ch (Women) 60th"]
[Site "Cuiaba"]
[Date "2021.11.02"]
[Round "8"]
[White "Bonfim, Regina Rodrigues"]
[Black "Da Silva, Debora Oliveira Lop"]
[Result "1-0"]
[WhiteElo "1702"]
[BlackElo "1389"]
[PlyCount "54"]
[EventDate "2021.10.28"]
[EventType "swiss"]
[EventRounds "11"]
[EventCountry "BRA"]
[SourceTitle "CBM 205 Extra"]
[Source "ChessBase"]
[SourceDate "2022.01.31"]
[SourceVersion "1"]
[SourceVersionDate "2022.01.31"]
[SourceQuality "1"]

1. d4 d5 2. c4 e6 3. Nf3 Nf6 4. Bg5 Be7 5. Nc3 c6 6. e3 Nbd7 7. Bd3 Qc7 8. 0-0 h6 9. Bh4 e5 10. cxd5 Nxd5 11. Bxe7 Nxe7 12. Rc1 0-0 13. Bb1 b5 14. Nxb5 Qb8 15. Nc3 Rd8 16. Qc2 f5 17. dxe5 Nxe5 18. Nxe5 Qxe5 19. Rfd1 Re8 20. Qd3 Be6 21. Qd6 Qf6 22. Qd4 Qf7 23. b3 Red8 24. Qc5 Rdc8 25. e4 f4 26. f3 Rd8 27. Rd6 h5 1-0

[Event "Titled Tuesday intern op 23rd Mar"]
[Site "Chess.com INT"]
[Date "2021.03.23"]
[Round "6"]
[White "Bonfim, Regina Rodrigues"]
[Black "Rios Parra, Alejandro"]
[Result "1-0"]
[WhiteElo "1702"]
[BlackElo "2247"]
[PlyCount "47"]
[EventDate "2021.03.23"]
[EventType "swiss (blitz)"]
[EventRounds "11"]
[EventCountry "USA"]
[SourceTitle "CBM 201 Extra"]
[Source "ChessBase"]
[SourceDate "2021.05.31"]
[SourceVersion "1"]
[SourceVersionDate "2021.05.31"]
[SourceQuality "1"]

1. d4 Nf6 2. Nf3 e6 3. c4 c5 4. d5 b5 5. e3 b4 6. b3 g6 7. Be2 Bg7 8. Bb2 0-0 9. 0-0 a5 10. Qd3 a4 11. bxa4 Rxa4 12. e4 exd5 13. exd5 Re8 14. Ne5 Qa5 15. a3 bxa3 16. Nxa3 Nh5 17. Bxh5 Bxe5 18. Bxe5 Rxe5 19. Bd1 d6 20. Bxa4 Qxa4 21. Nb5 Qb4 22. Nxd6 Ba6 23. Qf3 f5 24. Rab1 1-0

[Event "Titled Tuesday intern op 23rd Mar"]
[Site "Chess.com INT"]
[Date "2021.03.23"]
[Round "9"]
[White "Goncharov, Vladimir"]
[Black "Bonfim, Regina Rodrigues"]
[Result "1-0"]
[WhiteElo "2077"]
[BlackElo "1702"]
[PlyCount "133"]
[EventDate "2021.03.23"]
[EventType "swiss (blitz)"]
[EventRounds "11"]
[EventCountry "USA"]
[SourceTitle "CBM 201 Extra"]
[Source "ChessBase"]
[SourceDate "2021.05.31"]
[SourceVersion "1"]
[SourceVersionDate "2021.05.31"]
[SourceQuality "1"]

1. Nf3 Nf6 2. g3 g6 3. Bg2 Bg7 4. 0-0 0-0 5. c4 Nc6 6. Nc3 b6 7. d4 Bb7 8. e4 d6 9. h3 e5 10. d5 Ne7 11. Bg5 h6 12. Be3 Re8 13. Ne1 c6 14. Rc1 Rc8 15. Nd3 c5 16. Qd2 Kh7 17. f4 Rc7 18. fxe5 dxe5 19. Rxf6 Bxf6 20. Bxh6 Ng8 21. Be3 a6 22. Rf1 Bg7 23. Nf2 Rd7 24. Ng4 Rf8 25. h4 Rd6 26. Nh2 Bc8 27. Nf3 Bg4 28. Ng5+ Kh8 29. Nxf7+ Rxf7 30. Rxf7 Qe8 31. Rf2 Rf6 32. Bg5 Rxf2 33. Qxf2 Qf8 34. Qxf8 Bxf8 35. Kf2 Be7 36. Bxe7 Nxe7 37. Bf3 Bd7 38. g4 Kg7 39. g5 b5 40. cxb5 axb5 41. Kg3 b4 42. Nb1 Bb5 43. b3 Bd3 44. Nd2 Nc8 45. Kf2 Nd6 46. Ke3 Bb5 47. Be2 Bd7 48. Nc4 Nf7 49. a3 bxa3 50. Nxa3 Kf8 51. Nc4 Ke7 52. Kd2 Nd8 53. Bd3 Nf7 54. Kc3 Kd8 55. b4 cxb4+ 56. Kxb4 Kc7 57. Kc5 Ba4 58. d6+ Kd8 59. Nb6 Bd7 60. Bc4 Nh8 61. Bg8 Bf5 62. Kd5 Bxe4+ 63. Kxe4 Nf7 64. Kd5 e4 65. Nc4 Nxd6 66. Kxd6 e3 67. Nxe3 1-0

[Event "Titled Tuesday intern op 23rd Mar"]
[Site "Chess.com INT"]
[Date "2021.03.23"]
[Round "1"]
[White "Swicarz, Maciej"]
[Black "Bonfim, Regina Rodrigues"]
[Result "1-0"]
[WhiteElo "2341"]
[BlackElo "1702"]
[PlyCount "87"]
[EventDate "2021.03.23"]
[EventType "swiss (blitz)"]
[EventRounds "11"]
[EventCountry "USA"]
[SourceTitle "CBM 201 Extra"]
[Source "ChessBase"]
[SourceDate "2021.05.31"]
[SourceVersion "1"]
[SourceVersionDate "2021.05.31"]
[SourceQuality "1"]

1. c4 c5 2. Nf3 Nc6 3. Nc3 Nf6 4. g3 g6 5. d4 cxd4 6. Nxd4 Bg7 7. Bg2 0-0 8. 0-0 a6 9. Rb1 Qc7 10. b3 d6 11. Bb2 e5 12. Nc2 Be6 13. Ne3 Nd4 14. Rc1 Rac8 15. Ned5 Bxd5 16. Nxd5 Qb8 17. Bxd4 exd4 18. Qxd4 Nxd5 19. Qxd5 b5 20. cxb5 axb5 21. h4 h5 22. Be4 Kh7 23. Rxc8 Qxc8 24. Qxh5+ Kg8 25. Qxb5 Qe6 26. Bd5 Qf6 27. Qd3 Rc8 28. a4 Rc3 29. Qe4 Qd8 30. Qxg6 Qc7 31. a5 Rc5 32. Qe4 Rxa5 33. Qe8+ Bf8 34. Qe4 Rc5 35. Kg2 Bg7 36. b4 Rc2 37. b5 Rc5 38. b6 Qxb6 39. Qe8+ Kh7 40. Qxf7 Rxd5 41. Qxd5 Be5 42. Qe4+ Kg7 43. Rb1 Qc7 44. Rb7 1-0